1357 1205 1423 1771 1946 1216 1363 1299 1665 1692 1274 1589 1926 1378 1177 1972 1111 1442 1248 1780 1359 1946 1414 1965 1233 1959 1312 1268 1445 1346 1512 1157 1494 1158 1814 1937 1933 1894 1127 1426 1514 1870 1933 1065 1785 1000 1730 1921 1759 1967 1015 1744 1785 1294 1496 1274 1106 1838 1281 1416 1314 1363 1576 1267 1361 1906 1135 1324 1288 1833 1340 1795 1250 1484 1534 1597 1317 1891 1243 1226 1390 1981 1782 1447 1924 1854 1387 1709 1279 1167 1093 1661 1725 1302 1709 1571 1661 1625 1856 BCNSPRNW ULIB Ver.6.0+V

เปลี่ยนเป็นภาษาไทย

Change to English
 แสดงรายละเอียดบรรณานุกรม
  กลับหน้าหลัก

Brief Record : Get Marc (ISO 2709) : E-mail record : QR code < ปิดหน้าต่าง
LEADER : 00000nam 2200000uu 4500
001    13399126322
003     ULIB
008    180906s2560||||th 000 0 tha d
020    ^a9786168122020
060 04 ^aWX218^bด764T
100 0  ^aดุสิต สถาวร
245 04 ^aThe Best ICU /^bดุสิต สถาวร
250    ^aพิมพ์ครั้งที่ 1
260    ^aกรุงเทพฯ :^bสมาคมเวชบำบัดวิกฤตแห่งประเทศไทย,^c2560
300    ^a770 หน้า :^bภาพประกอบ ;^c27 ซม.
650  4 ^aผู้ป่วยหนัก, การดูแล
650  4 ^aผู้ป่วยหนัก^xการรักษา
653    ^aผลงานอาจารย์คณะแพทยศาสตร์ศิริราชพยาบาล
700 0  ^aดุสิต สถาวร,^eบรรณาธิการ
700 0  ^aครรชิต ปิยะเวชวิรัตน์,^eบรรณาธิการ
700 0  ^aสหดล ปุญญถาวร,^eบรรณาธิการ
710 2  ^aสมาคมเวชบำบัดวิกฤตแห่งประเทศไทย
945    ^p800^l0^i26547
945    ^p800^l0^i26548
999    ^aกัณชพร จุลอักษร
รายการนี้ยังไม่มีแท็ก
คุณยังไม่ได้ล็อกอิน คุณสามารถมีกิจกรรมร่วมกับเว็บไซต์ได้ แต่ต้องล็อกอินก่อน ::
  ล็อกอิน

รายการสื่อสารสนเทศ

ลำดับที่ ประเภท เลขเรียก/บาร์โค้ด สถานที่ สถานะ
1. หนังสือสำรอง
หนังสือสำรอง
WX218 ด764T ฉ.1 
  Barcode: 26547
ห้องสมุดวิทยาเขตนครสวรรค์
►หนังสือทั่วไป:l:General Books
บนชั้น
2. วิทยาศาสตร์การแพทย์ และสุขภาพ
วิทยาศาสตร์การแพทย์ และสุขภาพ
WX218 ด764T ฉ.2 
  Barcode: 26548
ห้องสมุดวิทยาเขตนครสวรรค์
►หนังสือทั่วไป:l:General Books
บนชั้น

รายการใกล้เคียง
    ผู้แต่ง [ดุสิต สถาวร]

    หัวเรื่อง [ผู้ป่วยหนัก, การดูแล]

BibComment


ยังไม่เคยถูกคอมเมนท์

คอมเมนท์ทรัพยากรรายการนี้
  คอมเมนท์: The Best ICU ดุ..


 Copyright 2026. Bcnsprnw @Library